Statistics for YouTubers Quiz

Click here to take the quiz!

General Stats

  • This quiz has been taken 476 times
    (444 since last reset)
  • The average score is 6 of 15

Answer Stats

HintYouTuber% Correct
Most popular YouTuberPewDiePie
85%
Popular beauty YouTuber and vloggerZoella
63%
South African vloggerCapsar Lee
52%
Boyfriend of the answer abovePointless Blog
51%
Brother of KSIComedyShortsGamer
47%
Famous for producing series such as Teens ReactThe Fine Bros
43%
These two run a self titled channel and Good Mythical MorningRhett and Link
41%
He runs a BBC Radio 1 showdanisnotonfire
34%
Companion of the aboveAmazingPhil
33%
YouTube's most popular comedic duoSmosh
32%
Does regualr Q and A's with the sidemenminiminter
27%
Did a lot of fifa wagers and now has turned to more real life videosW2S
20%
Hey guys it's me....Vikkstar123
17%
Created MinateSyndicate
8%
Upbeat Canadian fact supplierMatthew Santoro
5%

Score Distribution

Percentile by Number Answered

Percent of People with Each Score

Your Score History

You have not taken this quiz since the last reset